Представление документа в формате MARC21

Поле Инд. ПП Название Значение
Тип записи a
Библиографический уровень a
001 Контрольный номер RU/IS/BASE/482320004
005 Дата корректировки 20150513113635.0
020 a ISBN 5-7807-0613-1
040 a Служба первич. каталог. НБ ТвГУ
b Код языка каталог. rus
e Правила каталог. PSBO
041 0_ a Код языка текста rus
100 1_ a Автор Москалева Марина Юрьевна
q Полное имя Москалева М. Ю.
245 10 a Заглавие Клиент как главный противник креатива в текстовой газетной рекламе
260 a Место издания Иваново
b Издательство Иван. гос. ун-т
c Дата издания 2007
520 a Аннотация Статья посвящена клиентк как главному противнику креатива в текстовой газетной рекламе. Рекламный рынок постоянно подвергается изменениям и переделу. Текстовая реклама в газете - это товар, который имеет свои плюсы и минусы, его эффективность зависит от множества факторов, начиная от тиража издания и заканчивая четкостью целевой аудитории.
653 a Ключевые слова Газетная статья
a Ключевые слова Журналистика
a Ключевые слова Креатив
a Ключевые слова Рекламный рынок
a Ключевые слова Текстовая реклама
a Ключевые слова Тираж
a Ключевые слова Частник, газета
773 08 w Контрольный № источника RU/IS/BASE/482234927
t Название источника Региональная журналистика и реклама: теория и практика
d Место и дата издания Иваново : Иван. гос. ун-т, 2007
g Прочая информация С. 124-128
901 t Тип документа a
920 a Оператор Кома